Statistics for Jennifer Lawrence Movies

Click here to take the quiz!

General Stats

  • This quiz has been taken 20 times
  • The average score is 6 of 11

Answer Stats

Release YearCostarsMovie% Correct
2012Josh Hutcherson, Woody HarrelsonThe Hunger Games
100%
2021Leonardo DiCaprio, Meryl StreepDon't Look Up
85%
2016Chris Pratt, Laurence FishburnePassengers
80%
2012Bradley Cooper, Robert De NiroSilver Linings Playbook
75%
2013Christian Bale, Amy AdamsAmerican Hustle
55%
2017Javier Bardem, Michelle PfeifferMother!
55%
2011James McAvoy, Michael FassbenderX-Men: First Class
50%
2010John Hawkes, Garrett DillahuntWinter's Bone
35%
2015Robert De Niro, Bradley CooperJoy
30%
2018Joel Edgerton, Jeremy IronsRed Sparrow
30%
2011Mel Gibson, Jodie FosterThe Beaver
30%

Score Distribution

Percentile by Number Answered

Percent of People with Each Score

Your Score History

You have not taken this quiz